Semantics and morphosyntactic variation qualities and the grammar of property concepts
Ebook from Oxford Scholarship Online; Includes bibliographical references and indexes
Na minha lista:
| Autor principal: | |
|---|---|
| Outros Autores: | |
| Formato: | Livro |
| Idioma: | Undetermined |
| Publicado em: |
Oxford
Oxford University Press
2017
|
| Assuntos: | |
| Acesso em linha: | http://lrc.tdmu.edu.vn/opac/search/detail.asp?aID=2&ID=35986 |
| Tags: |
Adicionar Tag
Sem tags, seja o primeiro a adicionar uma tag!
|
| Thư viện lưu trữ: | Trung tâm Học liệu Trường Đại học Thủ Dầu Một |
|---|
| LEADER | 00937nam a2200217Ia 4500 | ||
|---|---|---|---|
| 001 | TDMU_35986 | ||
| 008 | 210410s9999 xx 000 0 und d | ||
| 082 | |a 415 | ||
| 100 | |a Francez, Itamar | ||
| 245 | 0 | |a Semantics and morphosyntactic variation | |
| 245 | 0 | |b qualities and the grammar of property concepts | |
| 245 | 0 | |c Itamar Francez, Andrew Koontz-Garboden | |
| 260 | |a Oxford | ||
| 260 | |b Oxford University Press | ||
| 260 | |c 2017 | ||
| 300 | |a xiv, 171 p. | ||
| 520 | |a Ebook from Oxford Scholarship Online; Includes bibliographical references and indexes | ||
| 650 | |a Grammar, Comparative and general |x Morphosyntax; Ngữ pháp so sánh |x Hình thái học |x Cú pháp học; Semantics, Comparative; Ngữ nghĩa học |x So sánh | ||
| 700 | |a Koontz-Garboden, Andrew | ||
| 856 | |u http://lrc.tdmu.edu.vn/opac/search/detail.asp?aID=2&ID=35986 | ||
| 980 | |a Trung tâm Học liệu Trường Đại học Thủ Dầu Một | ||